[Event "AUTO-BEG-600"]
[Site "http://www.queenalice.com/game.php?id=1247258"]
[Date "2014.1.11"]
[Round "1"]
[White "Puljiz"]
[Black "praddock"]
[Result "1-0"]
[WhiteElo "1100"]
[BlackElo "1232"]

1. e4 e5 2. Nf3 Nc6 3. Bb5 Nce7 4. Nxe5 Nh6 5. d4 f6 6. Nd3 c6 7. Bc4 d5 8. exd5
cxd5 9. Bb5+ Bd7 10. Bxd7+ Qxd7 11. Bxh6 gxh6 12. O-O Rg8 13. Qf3 Rg4 14. Nc5
Qc8 15. Re1 b6 16. Ne6 Rg6 17. Nc3 Qd7 18. Nf4 Rg7 19. Nfxd5 Kd8 20. Nxe7 Qg4
21. Qxa8+ Kc7 22. Ncd5+ Kd6 23. Qc6# 1-0

[Event "AUTO-BEG-600"]
[Site "http://www.queenalice.com/game.php?id=1247259"]
[Date "2014.1.11"]
[Round "1"]
[White "praddock"]
[Black "Puljiz"]
[Result "0-1"]
[WhiteElo "1232"]
[BlackElo "1475"]

1. e4 c5 2. Nf3 d6 3. d4 cxd4 4. Bb5+ Bd7 5. Nxd4 Bxb5 6. Nxb5 a6 7. Nd4 g6 8.
Nc3 Nf6 9. Be3 Bg7 10. Qd2 O-O 11. f4 b5 12. e5 Ng4 13. h3 dxe5 14. fxe5 Nxe5
15. O-O-O Nc4 16. Qf2 Nxe3 17. Qxe3 Qb6 18. Nd5 Qc5 19. Nxe7+ Kh8 20. Qe4 Nd7
21. Nb3 Qc7 22. Rhe1 Nb6 23. Nd5 Nxd5 24. Rxd5 h6 25. Kb1 Rae8 26. Qh4 Qc4 27.
Qxc4 Rxe1+ 28. Nc1 bxc4 29. a3 Rb8 30. b3 cxb3 31. cxb3 Rxb3+ 32. Kc2 Rb2+ 33.
Kd3 Rxc1 34. Rd4 Rd1+ 35. Ke4 Rxd4+ 36. Ke3 Rb3+ 37. Kf2 Rd2+ 38. Kg1 Rb1+ 39.
Kh2 Be5# 0-1

[Event "AUTO-BEG-600"]
[Site "http://www.queenalice.com/game.php?id=1247274"]
[Date "2014.1.11"]
[Round "1"]
[White "praddock"]
[Black "carriedani"]
[Result "1-0"]
[WhiteElo "1275"]
[BlackElo "1072"]

1. e4 Nf6 2. e5 Ne4 3. Nc3 Ng5 4. d4 Nc6 5. Bxg5 Nxd4 6. Qxd4 h6 7. Be3 e6 8.
Bd3 c5 9. Qa4 a6 10. Nf3 b5 11. Nxb5 Bb7 12. Nd6+ Bxd6 13. exd6 e5 14. Nxe5 Bxg2
15. Rg1 Bd5 16. Rxg7 Kf8 17. Nxd7+ Kxg7 18. Qg4+ Qg5 19. Qxg5+ hxg5 20. Nb6 Rad8
21. Nxd5 Rxd6 22. Ne7 Rxh2 23. Nf5+ Kf8 24. Nxd6 g4 25. Bxc5 a5 26. Nb7+ Kg8 27.
Nxa5 Rh1+ 28. Bf1 Rh5 29. Nb7 Rh1 30. Rd1 g3 31. fxg3 Rh6 32. Rd8+ Kg7 33. Bf8+
Kg8 34. Bxh6+ Kh7 35. Rd6 1-0

[Event "AUTO-BEG-600"]
[Site "http://www.queenalice.com/game.php?id=1247275"]
[Date "2014.1.11"]
[Round "1"]
[White "carriedani"]
[Black "praddock"]
[Result "0-1"]
[WhiteElo "1091"]
[BlackElo "1266"]

1. e4 e5 2. Nf3 Nf6 3. Nc3 d6 4. d3 Be6 5. Be3 Be7 6. Be2 c5 7. O-O Nc6 8. Ng5
h6 9. Nxe6 fxe6 10. b3 d5 11. exd5 exd5 12. a4 d4 13. Ne4 dxe3 14. fxe3 Qd7 15.
h3 Rf8 16. Bg4 Nxg4 17. Rxf8+ Bxf8 18. hxg4 b6 19. c4 O-O-O 20. g3 Nb4 21. a5
Kb7 22. axb6 axb6 23. Nc3 Nxd3 24. Nb5 Kb8 25. Qf3 Qb7 26. Qf5 Be7 27. Qf7 Rf8
28. Qxg7 Qf3 29. Ra2 Qxg3+ 30. Kh1 Nf2+ 31. Rxf2 Qh4+ 32. Kg2 Rxf2+ 33. Kg1 Qh2#
0-1

[Event "Challenge"]
[Site "http://www.queenalice.com/game.php?id=1249701"]
[Date "2014.1.20"]
[Round "-"]
[White "dejami"]
[Black "praddock"]
[Result "1-0"]
[WhiteElo "1721"]
[BlackElo "1250"]

1. e4 c5 2. Qh5 Nf6 3. Qf3 Nc6 4. c3 d6 5. h3 e5 6. Bb5 Bd7 7. a4 a6 8. Bc4 Be6
9. Bd3 g6 10. Be2 Bg7 11. g4 h5 12. g5 Nd7 13. Qg2 f6 14. h4 c4 15. Na3 1-0

[Event "Challenge"]
[Site "http://www.queenalice.com/game.php?id=1253147"]
[Date "2014.2.1"]
[Round "-"]
[White "sss"]
[Black "praddock"]
[Result "1-0"]
[WhiteElo "1436"]
[BlackElo "1283"]

1. e4 c5 2. Bc4 e6 3. Nf3 a6 4. a4 d5 5. exd5 exd5 6. Qe2+ Be6 7. Ba2 Nf6 8. O-O
d4 9. Bxe6 fxe6 10. Qxe6+ Be7 11. d3 Qd6 12. Qxd6 Bxd6 13. c4 Nbd7 14. Bg5 h6
15. Bxf6 gxf6 16. Nbd2 O-O-O 17. Ne4 Bc7 18. Rab1 f5 19. Ned2 a5 20. b3 1-0